[Event "Pozarevac Rudar 19th"]
[Site "Pozarevac"]
[Date "2023.11.18"]
[Round "4.2"]
[White "Sabuk, Piotr"]
[Black "Hoffmann, Sebastian1"]
[Result "1-0"]
[WhiteElo "2400"]
[BlackElo "2188"]
[PlyCount "81"]
[EventDate "2023.11.15"]
[EventType "tourn"]
[EventRounds "9"]
[EventCountry "SRB"]
[SourceTitle "CB49_2023"]
[SourceDate "2023.12.06"]
[SourceVersion "1"]
[SourceVersionDate "2023.12.06"]
[SourceQuality "1"]
[WhiteTeam "Team A"]
[BlackTeam "Team D"]
[WhiteTeamCountry "SRB"]
[BlackTeamCountry "SRB"]

1. d4 Nf6 2. Nf3 g6 3. Nbd2 d5 4. c4 Bg7 5. cxd5 Nxd5 6. e4 Nb6 7. Nb3 a5 8. h3 a4 9. Nc5 N8d7 10. Nd3 0-0 11. Bf4 c6 12. Rc1 Nf6 13. Qe2 Nh5 14. Be3 f5 15. e5 Nd5 16. Bd2 f4 17. Qd1 Bf5 18. Nc5 b5 19. Be2 Nc7 20. 0-0 Qd5 21. a3 Rfd8 22. Nb7 Rdb8 23. Nc5 Bf8 24. Nh4 Ng7 25. Bxf4 Qf7 26. e6 Ncxe6 27. Bxb8 Rxb8 28. Nd7 Rb7 29. Ne5 Qf6 30. Nhf3 Nf4 31. Rxc6 e6 32. Re1 Ngh5 33. Bf1 Nd5 34. g3 Bh6 35. Ng4 Bxg4 36. hxg4 Nxg3 37. fxg3 Be3+ 38. Rxe3 Nxe3 39. Qe2 Nxf1 40. Kxf1 Rf7 41. Kg2 1-0

[Event "Pozarevac Rudar 19th"]
[Site "Pozarevac"]
[Date "2023.11.15"]
[Round "1.2"]
[White "Garv, Rai"]
[Black "Sabuk, Piotr"]
[Result "0-1"]
[WhiteElo "2158"]
[BlackElo "2400"]
[PlyCount "89"]
[EventDate "2023.11.15"]
[EventType "tourn"]
[EventRounds "9"]
[EventCountry "SRB"]
[SourceTitle "CB49_2023"]
[SourceDate "2023.12.06"]
[SourceVersion "1"]
[SourceVersionDate "2023.12.06"]
[SourceQuality "1"]
[WhiteTeam "Team B"]
[BlackTeam "Team A"]
[WhiteTeamCountry "SRB"]
[BlackTeamCountry "SRB"]

1. d4 d5 2. Bf4 Nf6 3. e3 c5 4. Nf3 Nc6 5. Nbd2 e6 6. c3 cxd4 7. exd4 Nh5 8. Be3 Bd6 9. Ne5 Nf6 10. f4 Qb6 11. Qb3 Ng8 12. Bd3 Nh6 13. g3 f6 14. Nef3 Bd7 15. Qxb6 axb6 16. a3 0-0 17. 0-0-0 Na5 18. Rhe1 Rfc8 19. Kb1 b5 20. Bf1 Nf5 21. Bf2 Nc4 22. Bh3 Kf7 23. g4 Ne7 24. Bg3 Rh8 25. Nb3 b6 26. Nc1 h5 27. g5 Ng6 28. gxf6 gxf6 29. f5 exf5 30. Nd3 Rad8 31. Bxd6 Nxd6 32. Ng1 Rhe8 33. Bg2 f4 34. Bxd5+ Kg7 35. Ka1 Nc4 36. Bh1 Ne3 37. Rc1 Bf5 38. Nb4 Nh4 39. Nf3 Nxf3 40. Bxf3 Be4 41. Be2 Bg2 42. Bxb5 Re7 43. Ka2 Rd6 44. Nd3 f3 45. Nf2 0-1

[Event "Titled Tuesday intern op 29th Aug Early"]
[Site "Chess.com INT"]
[Date "2023.08.29"]
[Round "10"]
[White "Sabuk, Piotr"]
[Black "Ronka, Erik"]
[Result "1-0"]
[WhiteElo "2391"]
[BlackElo "2273"]
[PlyCount "167"]
[EventDate "2023.08.29"]
[EventType "swiss (blitz)"]
[EventRounds "11"]
[EventCountry "USA"]
[SourceTitle "EXT 2024"]
[Source "ChessBase"]
[SourceDate "2023.10.10"]
[SourceVersion "1"]
[SourceVersionDate "2023.10.10"]
[SourceQuality "1"]

1. d4 d5 2. Nf3 Nf6 3. c4 e6 4. g3 dxc4 5. Bg2 a6 6. Ne5 Bb4+ 7. Nc3 Nd5 8. Bd2 Nb6 9. e3 N8d7 10. Nxd7 Qxd7 11. 0-0 0-0 12. Rc1 a5 13. Ne4 Qe7 14. a3 Bxd2 15. Nxd2 e5 16. Nxc4 Nxc4 17. Rxc4 exd4 18. Qxd4 c6 19. Qc3 Be6 20. Rd4 Rfd8 21. Rfd1 Rxd4 22. Qxd4 h6 23. Rd2 Qc7 24. f4 Re8 25. e4 Bb3 26. e5 a4 27. Be4 Qe7 28. Bb1 g6 29. h4 h5 30. Kf2 c5 31. Qd6 b5 32. Be4 Kg7 33. Bc6 Qxd6 34. exd6 Rb8 35. Bxb5 Rd8 36. d7 Kf6 37. Rd6+ Ke7 38. Ra6 Rb8 39. Bc6 Be6 40. Rxa4 Rxb2+ 41. Ke3 Rb8 42. Ra7 Kd6 43. Ba4 Ke7 44. Kd3 c4+ 45. Kc3 Kd8 46. Kd4 Ke7 47. Rc7 Kd8 48. Rc5 Ke7 49. Bb5 Kd8 50. a4 Ra8 51. Ke5 Ra7 52. Kd6 Bxd7 53. Rxc4 Bxb5 54. axb5 Rb7 55. Rc5 Rb6+ 56. Kd5 Kd7 57. Kc4 Rb7 58. Rd5+ Ke6 59. Re5+ Kd6 60. Rd5+ Ke6 61. Rd3 Rc7+ 62. Kb4 Ra7 63. Kc5 Ra8 64. Kc6 Kf5 65. b6 f6 66. b7 Rf8 67. Kc7 Kg4 68. b8Q Rxb8 69. Kxb8 g5 70. fxg5 fxg5 71. hxg5 Kxg5 72. Kc7 Kg4 73. Kd6 Kf5 74. Kd5 Kg4 75. Ke4 Kh3 76. Kf4 h4 77. gxh4+ Kxh4 78. Rd6 Kh3 79. Kf3 Kh2 80. Rd5 Kg1 81. Rd4 Kh2 82. Kf2 Kh3 83. Re4 Kh2 84. Rh4# 1-0

[Event "Titled Tuesday intern op 29th Aug Early"]
[Site "Chess.com INT"]
[Date "2023.08.29"]
[Round "2"]
[White "Yedidia, Jonathan"]
[Black "Sabuk, Piotr"]
[Result "0-1"]
[WhiteElo "2360"]
[BlackElo "2391"]
[PlyCount "78"]
[EventDate "2023.08.29"]
[EventType "swiss (blitz)"]
[EventRounds "11"]
[EventCountry "USA"]
[SourceTitle "EXT 2024"]
[Source "ChessBase"]
[SourceDate "2023.10.10"]
[SourceVersion "1"]
[SourceVersionDate "2023.10.10"]
[SourceQuality "1"]

1. d4 Nf6 2. c4 e6 3. Nc3 Bb4 4. Qc2 0-0 5. Nf3 c5 6. dxc5 Na6 7. g3 Nxc5 8. Bg2 Nce4 9. 0-0 Bxc3 10. bxc3 d5 11. cxd5 exd5 12. Bf4 Be6 13. Qb2 Qe7 14. Rab1 b6 15. Nd4 Rac8 16. Rfc1 Rc4 17. Nb5 Rfc8 18. Be5 a6 19. Na3 Ra4 20. Nc2 b5 21. Nd4 Bd7 22. Bf4 Rac4 23. Bd2 Ng4 24. Be1 Ne5 25. Bxe4 dxe4 26. Bd2 h5 27. Kg2 h4 28. Bf4 h3+ 29. Kg1 Ng4 30. e3 g5 31. Qe2 gxf4 32. exf4 Nf6 33. Rb2 Re8 34. Rd2 Bg4 35. Qe3 b4 36. f5 Nd5 37. Qh6 Qf6 38. Qxf6 Nxf6 39. Rb2 Rec8 0-1

[Event "SRB-ch Central int"]
[Site "Dimitrovgrad"]
[Date "2023.08.23"]
[Round "5"]
[White "Bryakin, Mikhail"]
[Black "Sabuk, Piotr"]
[Result "1-0"]
[WhiteElo "2462"]
[BlackElo "2391"]
[PlyCount "75"]
[EventDate "2023.08.20"]
[EventType "swiss"]
[EventRounds "9"]
[EventCountry "BUL"]
[SourceTitle "CBM 215 Extra"]
[Source "ChessBase"]
[SourceDate "2023.09.30"]
[SourceVersion "1"]
[SourceVersionDate "2023.09.30"]
[SourceQuality "1"]

1. d4 d5 2. c4 e6 3. Nf3 Nf6 4. Nc3 Be7 5. Bf4 0-0 6. e3 c5 7. dxc5 Bxc5 8. cxd5 Nxd5 9. Nxd5 exd5 10. a3 Nc6 11. Bd3 Bb6 12. 0-0 d4 13. e4 Bg4 14. h3 Bh5 15. g4 Bg6 16. Nd2 f6 17. Nc4 Bc7 18. Bxc7 Qxc7 19. f4 Rae8 20. Qf3 Bf7 21. Rac1 g5 22. e5 fxe5 23. Qe4 Bg6 24. f5 Bf7 25. Nd2 Qa5 26. Nf3 Bd5 27. Bc4 Bxc4 28. Rxc4 Qb5 29. Rc2 d3 30. Rd2 Rd8 31. Nxg5 Qb6+ 32. Kh2 Rd4 33. Qe3 e4 34. Ne6 Rf7 35. Rf4 Rc4 36. Rxe4 Rc2 37. Qxd3 Rc1 38. Qe3 1-0

[Event "SRB-ch Central int"]
[Site "Dimitrovgrad"]
[Date "2023.08.22"]
[Round "4"]
[White "Sabuk, Piotr"]
[Black "Milosevic, Milos R"]
[Result "1-0"]
[WhiteElo "2391"]
[BlackElo "1676"]
[PlyCount "59"]
[EventDate "2023.08.20"]
[EventType "swiss"]
[EventRounds "9"]
[EventCountry "BUL"]
[SourceTitle "CBM 215 Extra"]
[Source "ChessBase"]
[SourceDate "2023.09.30"]
[SourceVersion "1"]
[SourceVersionDate "2023.09.30"]
[SourceQuality "1"]

1. d4 Nf6 2. c4 e6 3. Nf3 d5 4. g3 Ne4 5. Bg2 f5 6. 0-0 Be7 7. Nc3 c6 8. Qc2 Bf6 9. b4 Nd7 10. b5 Nd6 11. cxd5 cxd5 12. Bf4 Nf7 13. Na4 Qe7 14. e3 g5 15. Bc7 b6 16. Qc6 Bb7 17. Qxb7 0-0 18. Rfc1 Qa3 19. Nc3 Nc5 20. dxc5 Bxc3 21. Rab1 bxc5 22. Qa6 Qxa6 23. bxa6 Bb4 24. Ne5 Rac8 25. Nxf7 Kxf7 26. Be5 Ke7 27. Rb3 Kd7 28. Bf1 Ba5 29. Rb7+ Kd8 30. Bb5 1-0

[Event "Pozarevac Rudar 16th"]
[Site "Pozarevac"]
[Date "2023.08.12"]
[Round "2"]
[White "Sabuk, Piotr"]
[Black "Stankovic, Boris"]
[Result "1/2-1/2"]
[WhiteElo "2391"]
[BlackElo "2241"]
[PlyCount "39"]
[EventDate "2023.08.11"]
[EventType "tourn"]
[EventRounds "9"]
[EventCountry "SRB"]
[EventCategory "1"]
[SourceTitle "EXT 2024"]
[Source "ChessBase"]
[SourceDate "2023.10.10"]
[SourceVersion "1"]
[SourceVersionDate "2023.10.10"]
[SourceQuality "1"]

1. d4 Nf6 2. c4 e6 3. Nf3 d5 4. g3 Bb4+ 5. Bd2 Be7 6. Bg2 0-0 7. 0-0 c6 8. Qc2 b6 9. Rd1 Nbd7 10. b3 Bb7 11. Nc3 Ba6 12. cxd5 cxd5 13. a4 Rc8 14. Qb1 Ne4 15. Nxe4 dxe4 16. Qxe4 Nf6 17. Qe3 Nd5 18. Qe4 Nf6 19. Qe3 Nd5 20. Qe4 1/2-1/2

[Event "Titled Tuesday intern op 25th Jul Late"]
[Site "Chess.com INT"]
[Date "2023.07.25"]
[Round "8"]
[White "Deng, Henry"]
[Black "Sabuk, Piotr"]
[Result "0-1"]
[WhiteElo "2212"]
[BlackElo "2380"]
[PlyCount "86"]
[EventDate "2023.07.25"]
[EventType "swiss (blitz)"]
[EventRounds "11"]
[EventCountry "USA"]
[SourceTitle "EXT 2024"]
[Source "ChessBase"]
[SourceDate "2023.10.10"]
[SourceVersion "1"]
[SourceVersionDate "2023.10.10"]
[SourceQuality "1"]

1. e4 e5 2. Nf3 Nc6 3. Bc4 Nf6 4. d4 exd4 5. e5 Ne4 6. Qe2 Nc5 7. c3 Ne6 8. 0-0 d5 9. exd6 Qxd6 10. Rd1 Be7 11. cxd4 Nexd4 12. Nxd4 Nxd4 13. Qe4 c5 14. Bf4 Qg6 15. Qe3 Be6 16. Bd3 Qh5 17. Nc3 0-0 18. Be4 Rad8 19. h3 b5 20. g4 Qh4 21. Bg3 Qxh3 22. Bc7 Qxg4+ 23. Kh2 Bd6+ 24. Bxd6 Rxd6 25. Rg1 Qh4+ 26. Kg2 b4 27. Kf1 Bc4+ 28. Ke1 bxc3 29. bxc3 Re6 30. Rh1 Nc2+ 31. Kd2 Qxe4 32. Qxe4 Rxe4 33. Kxc2 Rd8 34. Rh5 Re2+ 35. Kc1 g6 36. Rxc5 Bd3 37. a4 Rxf2 38. Ra3 Re8 39. Kd1 Bc2+ 40. Kc1 Bf5 41. Rd5 Bg4 42. Rd2 Re1+ 43. Kc2 Bf5+ 0-1

[Event "Malakhatko Memorial op"]
[Site "Chess.com INT"]
[Date "2023.06.14"]
[Round "6"]
[White "Levchuk, Dmitry"]
[Black "Sabuk, Piotr"]
[Result "0-1"]
[WhiteElo "1929"]
[BlackElo "2380"]
[PlyCount "40"]
[EventDate "2023.06.14"]
[EventType "swiss (blitz)"]
[EventRounds "11"]
[EventCountry "USA"]
[SourceTitle "CBM 214 Extra"]
[Source "ChessBase"]
[SourceDate "2023.07.31"]
[SourceVersion "1"]
[SourceVersionDate "2023.07.31"]
[SourceQuality "1"]

1. e4 c6 2. d4 d5 3. exd5 cxd5 4. c4 Nf6 5. Nc3 Nc6 6. Bg5 Be6 7. Nf3 g6 8. Qb3 Na5 9. Qa4+ Bd7 10. Qc2 Nxc4 11. Bxf6 exf6 12. Nxd5 Qa5+ 13. Nc3 Nxb2 14. Qxb2 Bb4 15. Rc1 Rc8 16. Kd1 Bxc3 17. Qxb7 Ba4+ 18. Ke2 0-0 19. Nd2 Rfe8+ 20. Ne4 Bc6 0-1

[Event "Malakhatko Memorial op"]
[Site "Chess.com INT"]
[Date "2023.06.14"]
[Round "9"]
[White "Sabuk, Piotr"]
[Black "Chernomordik, Pavel"]
[Result "1-0"]
[WhiteElo "2380"]
[BlackElo "2144"]
[PlyCount "109"]
[EventDate "2023.06.14"]
[EventType "swiss (blitz)"]
[EventRounds "11"]
[EventCountry "USA"]
[SourceTitle "CBM 214 Extra"]
[Source "ChessBase"]
[SourceDate "2023.07.31"]
[SourceVersion "1"]
[SourceVersionDate "2023.07.31"]
[SourceQuality "1"]

1. d4 g6 2. e4 Bg7 3. Nf3 d6 4. Bd3 c5 5. dxc5 dxc5 6. 0-0 Nc6 7. c3 Qc7 8. Be3 b6 9. h3 Nf6 10. Nbd2 0-0 11. a4 Nh5 12. Re1 Rd8 13. Qc2 Nf4 14. Bf1 h6 15. Nc4 g5 16. h4 Bg4 17. Nh2 Be6 18. Rad1 gxh4 19. Qc1 Ng6 20. Bxh6 Bxh6 21. Qxh6 Qf4 22. Qxf4 Nxf4 23. Nf3 Ng6 24. Ng5 Bxc4 25. Bxc4 Nce5 26. Bd5 Rac8 27. Nh3 e6 28. Bb3 Nd3 29. Re2 Ndf4 30. Nxf4 Nxf4 31. Red2 Rxd2 32. Rxd2 Rc7 33. Bc4 Kf8 34. Kh2 Ke7 35. g3 Ng6 36. f4 hxg3+ 37. Kxg3 Rd7 38. Rxd7+ Kxd7 39. Kg4 Ke7 40. Kg5 e5 41. f5 Nf4 42. f6+ Kf8 43. Kf5 Ng6 44. Bb5 Kg8 45. Be2 Kf8 46. Bf3 Nh4+ 47. Kg4 Nxf3 48. Kxf3 Ke8 49. Kg4 Kd7 50. Kf5 Kd6 51. b3 a6 52. c4 a5 53. Kg4 Ke6 54. Kg5 Kd6 55. Kf5 1-0

[Event "Malakhatko Memorial op"]
[Site "Chess.com INT"]
[Date "2023.06.14"]
[Round "7"]
[White "Sabuk, Piotr"]
[Black "Fishchuk, Vladyslav"]
[Result "1-0"]
[WhiteElo "2380"]
[BlackElo "2276"]
[PlyCount "61"]
[EventDate "2023.06.14"]
[EventType "swiss (blitz)"]
[EventRounds "11"]
[EventCountry "USA"]
[SourceTitle "CBM 214 Extra"]
[Source "ChessBase"]
[SourceDate "2023.07.31"]
[SourceVersion "1"]
[SourceVersionDate "2023.07.31"]
[SourceQuality "1"]

1. d4 Nf6 2. c4 e6 3. Nc3 Bb4 4. g3 0-0 5. Bg2 d5 6. Nf3 dxc4 7. 0-0 Nc6 8. Re1 a6 9. e4 Rb8 10. a3 Be7 11. Bf4 b5 12. d5 Na5 13. Qc2 exd5 14. Rad1 Bb7 15. Nd4 Nh5 16. Be5 Bf6 17. Bxf6 Nxf6 18. e5 Nd7 19. e6 fxe6 20. Nxe6 Qf6 21. Nxf8 Rxf8 22. Nxd5 Bxd5 23. Rxd5 Nb6 24. Rde5 Nb3 25. Re8 Nd4 26. Qe4 c5 27. Rxf8+ Qxf8 28. Qb7 Qd8 29. Bc6 Nxc6 30. Qxc6 Nd7 31. Rd1 1-0

[Event "Malakhatko Memorial op"]
[Site "Chess.com INT"]
[Date "2023.06.14"]
[Round "3"]
[White "Sabuk, Piotr"]
[Black "Sakovski, Roman"]
[Result "1-0"]
[WhiteElo "2380"]
[BlackElo "1732"]
[PlyCount "89"]
[EventDate "2023.06.14"]
[EventType "swiss (blitz)"]
[EventRounds "11"]
[EventCountry "USA"]
[SourceTitle "CBM 214 Extra"]
[Source "ChessBase"]
[SourceDate "2023.07.31"]
[SourceVersion "1"]
[SourceVersionDate "2023.07.31"]
[SourceQuality "1"]

1. d4 Nf6 2. c4 g6 3. Nc3 d5 4. Bg5 dxc4 5. e4 Bg7 6. Bxc4 c6 7. Nge2 0-0 8. 0-0 h6 9. Bh4 g5 10. Bg3 Nbd7 11. f3 Nb6 12. Bb3 Nh5 13. Bf2 e5 14. d5 cxd5 15. Nxd5 Nxd5 16. Bxd5 Nf4 17. Nxf4 exf4 18. Qb3 a5 19. Rfd1 Qe7 20. Rac1 a4 21. Qb5 Rd8 22. Bc5 Qe8 23. Qxe8+ Rxe8 24. Bd4 Bxd4+ 25. Rxd4 Ra6 26. Rc7 Rf8 27. Rb4 Rd6 28. Kf2 b6 29. Rxa4 Be6 30. Rc6 Rxc6 31. Bxc6 Rc8 32. Ra8 Rxa8 33. Bxa8 Bxa2 34. Ke2 Bc4+ 35. Kd2 Bf1 36. g3 Bg2 37. Ke2 fxg3 38. hxg3 Bh3 39. Bc6 g4 40. f4 Bg2 41. b4 Bf3+ 42. Ke3 h5 43. b5 Kf8 44. e5 Bd1 45. f5 1-0

[Event "Titled Tuesday intern op 25th Apr Late"]
[Site "Chess.com INT"]
[Date "2023.04.25"]
[Round "4"]
[White "Jaskolka, Tomasz"]
[Black "Sabuk, Piotr"]
[Result "0-1"]
[WhiteElo "2238"]
[BlackElo "2377"]
[PlyCount "154"]
[EventDate "2023.04.25"]
[EventType "swiss (blitz)"]
[EventRounds "11"]
[EventCountry "USA"]
[SourceTitle "EXT 2024"]
[Source "ChessBase"]
[SourceDate "2023.10.10"]
[SourceVersion "1"]
[SourceVersionDate "2023.10.10"]
[SourceQuality "1"]

1. d4 d5 2. Bf4 Nf6 3. e3 c5 4. c3 Nc6 5. Nd2 e6 6. Ngf3 cxd4 7. exd4 Nh5 8. Be3 Bd6 9. g3 Nf6 10. Bd3 h6 11. Qe2 Ng4 12. 0-0-0 Bd7 13. Kb1 Rb8 14. h3 Nxe3 15. Qxe3 b5 16. Ne5 Bxe5 17. dxe5 Qb6 18. Qxb6 Rxb6 19. f4 Ke7 20. Rde1 Na5 21. b3 Rc8 22. Kb2 Nc4+ 23. Nxc4 bxc4 24. Bc2 a5 25. Rhf1 Rcb8 26. f5 exf5 27. Bxf5 Bxf5 28. Rxf5 cxb3 29. e6 bxa2+ 30. Kxa2 Rxe6 31. Ref1 f6 32. Rxd5 Re2+ 33. Ka3 Re3 34. Rc5 Rxg3 35. h4 h5 36. Re1+ Kf7 37. Rd1 Rb7 38. Rdd5 Kg6 39. Rc6 Rh3 40. Rg5+ Kh6 41. Rxa5 Rxh4 42. c4 Rh1 43. Ka2 Rc1 44. Rc8 Kg6 45. c5 h4 46. c6 Rb6 47. c7 Rb7 48. Rh8 Rbxc7 49. Rxh4 R7c2+ 50. Kb3 Rc3+ 51. Kb2 R3c2+ 52. Kb3 Rc7 53. Rg4+ Kf7 54. Rb4 Rb1+ 55. Ka4 Rxb4+ 56. Kxb4 g5 57. Kb3 Kg6 58. Ra6 g4 59. Ka2 Kg5 60. Rb6 f5 61. Rb2 g3 62. Kb1 Kg4 63. Ka2 f4 64. Kb1 f3 65. Rb4+ Kh3 66. Ka2 g2 67. Rb3 Kg3 68. Rb1 Ra7+ 69. Kb2 Rb7+ 70. Kc2 Rxb1 71. Kd2 Rb2+ 72. Kd3 g1Q 73. Ke4 Qe1+ 74. Kd3 Rd2+ 75. Kc3 Qc1+ 76. Kb3 Rb2+ 77. Ka3 Qa1# 0-1

[Event "Titled Tuesday intern op 25th Apr Late"]
[Site "Chess.com INT"]
[Date "2023.04.25"]
[Round "11"]
[White "Sabuk, Piotr"]
[Black "Durarbayli, Vasif"]
[Result "1-0"]
[WhiteElo "2377"]
[BlackElo "2627"]
[PlyCount "89"]
[EventDate "2023.04.25"]
[EventType "swiss (blitz)"]
[EventRounds "11"]
[EventCountry "USA"]
[SourceTitle "EXT 2024"]
[Source "ChessBase"]
[SourceDate "2023.10.10"]
[SourceVersion "1"]
[SourceVersionDate "2023.10.10"]
[SourceQuality "1"]

1. d4 Nf6 2. c4 e6 3. Nc3 Bb4 4. e3 0-0 5. Bd3 b6 6. Nge2 Bb7 7. 0-0 c5 8. d5 exd5 9. cxd5 d6 10. e4 Nbd7 11. a3 Bxc3 12. Nxc3 a6 13. a4 Re8 14. Re1 Qc7 15. b3 Ne5 16. Bf1 c4 17. b4 b5 18. f3 Rec8 19. Ra3 Nfd7 20. Be3 bxa4 21. Nxa4 Rab8 22. Nc3 Nd3 23. Bxd3 cxd3 24. Qxd3 Ne5 25. Qd4 Nc4 26. Rb3 Ba8 27. Bf2 Qe7 28. Ne2 Ne5 29. Ng3 Rc4 30. Qd2 a5 31. b5 a4 32. Rbb1 Qd7 33. Nf5 g6 34. Nd4 a3 35. Nc6 Bxc6 36. bxc6 Qc8 37. Qa5 Ra8 38. Qd2 a2 39. Ra1 Rca4 40. Bd4 f6 41. Rec1 Qc7 42. h4 Kf7 43. Kh1 h5 44. Rc2 Kg7 45. Rcxa2 1-0

[Event "Titled Tuesday intern op 25th Apr Late"]
[Site "Chess.com INT"]
[Date "2023.04.25"]
[Round "2"]
[White "Sabuk, Piotr"]
[Black "Gruzman, Ilya"]
[Result "1-0"]
[WhiteElo "2377"]
[BlackElo "2141"]
[PlyCount "49"]
[EventDate "2023.04.25"]
[EventType "swiss (blitz)"]
[EventRounds "11"]
[EventCountry "USA"]
[SourceTitle "EXT 2024"]
[Source "ChessBase"]
[SourceDate "2023.10.10"]
[SourceVersion "1"]
[SourceVersionDate "2023.10.10"]
[SourceQuality "1"]

1. d4 Nf6 2. c4 g6 3. Nc3 Bg7 4. e4 d6 5. Nf3 0-0 6. h3 c5 7. d5 e6 8. Bd3 exd5 9. exd5 Re8+ 10. Be3 Bh6 11. 0-0 Rxe3 12. fxe3 Nh5 13. Qe1 Nd7 14. g4 Ng7 15. Ne4 Ne5 16. Nxe5 dxe5 17. Nf6+ Kh8 18. Kh1 Bg5 19. Qf2 b5 20. Ne4 bxc4 21. Nxg5 Qxg5 22. Qxf7 h5 23. Bxg6 Bf5 24. Rxf5 Qxf5 25. gxf5 1-0

[Event "Titled Tuesday intern op 25th Apr Late"]
[Site "Chess.com INT"]
[Date "2023.04.25"]
[Round "6"]
[White "Sabuk, Piotr"]
[Black "Roebers, Eline"]
[Result "0-1"]
[WhiteElo "2377"]
[BlackElo "2356"]
[PlyCount "76"]
[EventDate "2023.04.25"]
[EventType "swiss (blitz)"]
[EventRounds "11"]
[EventCountry "USA"]
[SourceTitle "EXT 2024"]
[Source "ChessBase"]
[SourceDate "2023.10.10"]
[SourceVersion "1"]
[SourceVersionDate "2023.10.10"]
[SourceQuality "1"]

1. d4 f5 2. Nf3 Nf6 3. c4 g6 4. e3 Bg7 5. b4 0-0 6. Be2 c6 7. 0-0 d5 8. Qb3 Kh8 9. Nc3 Be6 10. b5 Nbd7 11. Ba3 Bg8 12. Rfc1 Nb6 13. bxc6 bxc6 14. Ne5 dxc4 15. Qc2 Rc8 16. Na4 Nfd5 17. Nxc4 Nxa4 18. Qxa4 f4 19. e4 Nb6 20. Nxb6 axb6 21. e5 Bd5 22. Bg4 Ra8 23. Qb4 f3 24. Qxe7 fxg2 25. Qxd8 Rfxd8 26. Bd6 Bh6 27. Rc2 Ra4 28. Bc7 Rf8 29. Bxb6 Rf4 30. Bd7 Ra6 31. Bc5 Rh4 32. h3 Bg7 33. Be7 Rxd4 34. Rb1 h5 35. Bd6 Re4 36. Rb8+ Kh7 37. e6 Re1+ 38. Kh2 g1Q# 0-1